000 00994 a2200217 4500
003 Nust
005 20230306152534.0
010 _a 81009239
020 _a0877222215 :
040 _cNust
082 0 0 _a333.8,SAN
100 1 _aSanders, M. Elizabeth,
_9109897
245 1 4 _aThe regulation of natural gas :
_bpolicy and politics, 1938-1978 /
_cM. Elizabeth Sanders.
260 _aPhiladelphia :
_bTemple University Press,
_cc1981.
300 _axvi, 254 p. ;
_c24 cm.
505 _aIntroduction (Page-1), The Origins Of Natural Gas Regulation (Page-17), The Interests In Regulation (Page-46), The Changing Meaning Of The Natural Gas Act (Page-72), Regulating Producers (Page-94), The Politics Of Scarcity (Page-125), New Policies, Old Conflicts (Page-165), Conclusion (Page-193).
650 0 _aGas industry
_xGovernment policy
_zUnited States.
_9109898
650 0 _aGas
_xLaw and legislation
_zUnited States.
_9109899
650 0 _aTrade regulation
_zUnited States.
_9109900
942 _2ddc
_cBK
999 _c184328
_d184328